[Event "Norman Weasel op"]
[Site "Norman"]
[Date "2004.06.27"]
[Round "4"]
[White "Dugger, Mark"]
[Black "Swindall, Robert"]
[Result "1-0"]
[WhiteElo "1705"]
[BlackElo "1861"]
[PlyCount "46"]
[EventDate "2004.06.26"]
[EventType "swiss"]
[EventRounds "5"]
[EventCountry "USA"]
[EventCategory "1"]
[SourceTitle "EXT 2006"]
[Source "ChessBase"]
[SourceDate "2005.11.24"]
[SourceVersion "1"]
[SourceVersionDate "2005.11.24"]
[SourceQuality "1"]

1. d4 d5 2. c4 c6 3. Nc3 dxc4 4. a4 Nf6 5. Nf3 Bg4 6. e3 e6 7. Bxc4 Nbd7 8. 0-0 Be7 9. Qe2 0-0 10. Rd1 Qc7 11. e4 Bb4 12. h3 Bh5 13. Bg5 h6 14. Bh4 Qf4 15. Bg3 Bxf3 16. Bxf4 Bxe2 17. Bxe2 Rac8 18. Bf3 Rfd8 19. Rac1 a6 20. Na2 c5 21. dxc5 Nxc5 22. e5 Nd5 23. Bxd5 exd5 1-0

[Event "Norman Weasel op"]
[Site "Norman"]
[Date "2004.06.27"]
[Round "5"]
[White "Hulburd, George"]
[Black "Dugger, Mark"]
[Result "1/2-1/2"]
[WhiteElo "1900"]
[BlackElo "1705"]
[PlyCount "63"]
[EventDate "2004.06.26"]
[EventType "swiss"]
[EventRounds "5"]
[EventCountry "USA"]
[EventCategory "1"]
[SourceTitle "EXT 2006"]
[Source "ChessBase"]
[SourceDate "2005.11.24"]
[SourceVersion "1"]
[SourceVersionDate "2005.11.24"]
[SourceQuality "1"]

1. d4 Nf6 2. Nc3 d5 3. Bg5 Bf5 4. e3 Nbd7 5. f3 c6 6. Bd3 Bxd3 7. Qxd3 Qc7 8. Nge2 e5 9. Bxf6 Nxf6 10. Qf5 Bd6 11. dxe5 Bxe5 12. f4 Bxc3+ 13. Nxc3 0-0 14. 0-0-0 Rfe8 15. Rhe1 Ne4 16. Nxe4 Rxe4 17. Rd4 Rae8 18. Rxe4 Rxe4 19. c3 g6 20. Qh3 f5 21. g4 fxg4 22. Qxg4 Qe7 23. Kd2 Qe6 24. Qxe6+ Rxe6 25. Kd3 Kf7 26. Rg1 Kf6 27. h4 h6 28. Rg3 Kf5 29. b3 b6 30. Rg2 Re4 31. Rg3 c5 32. Rg2 1/2-1/2

[Event "Tulsa op"]
[Site "Tulsa"]
[Date "2004.01.18"]
[Round "5"]
[White "Taliaferro, Mike"]
[Black "Dugger, Mark"]
[Result "1-0"]
[WhiteElo "1874"]
[BlackElo "1687"]
[PlyCount "45"]
[EventDate "2004.01.17"]
[EventType "swiss"]
[EventRounds "5"]
[EventCountry "USA"]
[SourceTitle "EXT 2006"]
[Source "ChessBase"]
[SourceDate "2005.11.24"]
[SourceVersion "1"]
[SourceVersionDate "2005.11.24"]
[SourceQuality "1"]

1. Nf3 c5 2. b3 d5 3. Bb2 d4 4. c3 Nc6 5. g3 e5 6. d3 f5 7. Bg2 Nf6 8. 0-0 Bd6 9. cxd4 exd4 10. Na3 0-0 11. Nc2 f4 12. e3 fxe3 13. fxe3 dxe3 14. Nxe3 Bd7 15. d4 cxd4 16. Nxd4 Bc5 17. Nec2 Bg4 18. Qd3 Qb6 19. Kh1 Rad8 20. Qc4+ Kh8 21. Nxc6 bxc6 22. Bxf6 Rxf6 23. Qxg4 1-0

[Event "Tulsa op"]
[Site "Tulsa"]
[Date "2004.01.17"]
[Round "1"]
[White "Dugger, Mark"]
[Black "Movsisyan, Movses"]
[Result "0-1"]
[WhiteElo "1687"]
[BlackElo "2253"]
[PlyCount "52"]
[EventDate "2004.01.17"]
[EventType "swiss"]
[EventRounds "5"]
[EventCountry "USA"]
[SourceTitle "EXT 2006"]
[Source "ChessBase"]
[SourceDate "2005.11.24"]
[SourceVersion "1"]
[SourceVersionDate "2005.11.24"]
[SourceQuality "1"]

1. d4 Nf6 2. c4 g6 3. Nf3 Bg7 4. g3 0-0 5. Bg2 c5 6. d5 e6 7. Nc3 exd5 8. cxd5 d6 9. h3 b5 10. 0-0 b4 11. Nb1 Re8 12. Nfd2 Nbd7 13. Re1 a5 14. Nc4 Nb6 15. Nxb6 Qxb6 16. Nd2 Ba6 17. e4 Bd3 18. Qf3 c4 19. Bf1 Bxf1 20. Kxf1 c3 21. bxc3 bxc3 22. Nb1 Nxd5 23. exd5 Qa6+ 24. Re2 c2 25. Na3 Rac8 26. Be3 Bxa1 0-1